000 00429nam a2200181Ia 4500
001 10298
005 20260306161821.0
008 260306t2012||||xx |||||||||||||| ||spa||
041 _aESP
082 _a918
_bR68 2012
100 _aRiva Agüero y Osma, José de la
_eAUT
245 0 _aPaisajes peruanos
260 _c2012
300 _a269 páginas :
_c21cm.
650 _aGEN
654 _aCHU
942 _cLIB
_dJUS
_fJUS
_2ddc
_n
999 _c10298
_d10298